Mrs Pepperpot minds the baby / (Record no. 6773)
[ view plain ]
| 000 -LEADER | |
|---|---|
| fixed length control field | 01332nam a22003017a 4500 |
| 001 - CONTROL NUMBER | |
| control field | 6773 |
| 003 - CONTROL NUMBER IDENTIFIER | |
| control field | FISKH |
| 005 - DATE AND TIME OF LATEST TRANSACTION | |
| control field | 20250527113326.0 |
| 008 - FIXED-LENGTH DATA ELEMENTS--GENERAL INFORMATION | |
| fixed length control field | 250527b cb ||||| |||| 00| 0 eng d |
| 020 ## - INTERNATIONAL STANDARD BOOK NUMBER | |
| International Standard Book Number | 9780091717209 |
| 040 ## - CATALOGING SOURCE | |
| Original cataloging agency | FISKH |
| Language of cataloging | eng |
| Transcribing agency | FISKH |
| Modifying agency | FISKH |
| 050 ## - LIBRARY OF CONGRESS CALL NUMBER | |
| Classification number | PZ7 |
| 082 ## - DEWEY DECIMAL CLASSIFICATION NUMBER | |
| Classification number | 839.82374 |
| 100 ## - MAIN ENTRY--PERSONAL NAME | |
| Personal name | Proysen, Alf |
| Dates associated with a name | (1914–1970) |
| 245 ## - TITLE STATEMENT | |
| Title | Mrs Pepperpot minds the baby / |
| Statement of responsibility, etc. | Alf Proysen ; Illustrated by David Arthur |
| 250 ## - EDITION STATEMENT | |
| Edition statement | This edition first published in 1960 |
| 260 ## - PUBLICATION, DISTRIBUTION, ETC. | |
| Place of publication, distribution, etc. | London : |
| Name of publisher, distributor, etc. | RedFox, |
| Date of publication, distribution, etc. | 1960 |
| 300 ## - PHYSICAL DESCRIPTION | |
| Extent | 28 unnumbered pages : |
| Other physical details | color illustrations ; |
| Dimensions | 20 cm |
| 505 ## - FORMATTED CONTENTS NOTE | |
| Formatted contents note | G<br/> |
| 520 ## - SUMMARY, ETC. | |
| Summary, etc. | Mrs. Pepperpot has a problem--a huge problem--she shrinks! And when she shrinks she finds herself in all sorts of trouble. When Mrs. Pepperpot agrees to mind baby Roger from next door, she doesn't know that she's going to shrink. How can she look after him when she's only as tall as a pepperpot? Baby Roger thinks she's a doll and jiggles and joggles her and throws her high in the air. Will Mrs. Pepperpot be able to keep the baby out of mischief until his mother comes to get him?<br/> |
| 521 8# - TARGET AUDIENCE NOTE | |
| Target audience note | 380<br/> |
| Source | Lexile<br/> |
| 521 8# - TARGET AUDIENCE NOTE | |
| Target audience note | G<br/> |
| Source | Raz-Plus<br/> |
| 650 ## - SUBJECT ADDED ENTRY--TOPICAL TERM | |
| Source of heading or term | Picture book |
| Topical term or geographic name entry element | Fiction |
| 650 ## - SUBJECT ADDED ENTRY--TOPICAL TERM | |
| Source of heading or term | Babysitting |
| Topical term or geographic name entry element | Sort |
| 700 ## - ADDED ENTRY--PERSONAL NAME | |
| Personal name | Arthur, David |
| Dates associated with a name | illustrator |
| 942 ## - ADDED ENTRY ELEMENTS (KOHA) | |
| Source of classification or shelving scheme | Dewey Decimal Classification |
| Koha item type | Books |
| Suppress in OPAC | No |
| Withdrawn status | Lost status | Source of classification or shelving scheme | Damaged status | Not for loan | Collection | Home library | Current library | Shelving location | Date acquired | Total Checkouts | Full call number | Barcode | Date last seen | Copy number | Price effective from | Koha item type |
|---|---|---|---|---|---|---|---|---|---|---|---|---|---|---|---|---|
| Dewey Decimal Classification | Juvenile Fiction | Footprints International School Library Network Toul Tom Poung Campus | Footprints International School Library Network Toul Tom Poung Campus | TTP Primary Dark Blue Bookshelves | 05/27/2025 | PRO 839.82374 PZ7 | 2025-1404 | 05/27/2025 | 1 | 05/27/2025 | Books |
